000 00533cam a2200181 4500500
005 20260405001948.0
041 _afre
042 _adc
100 1 0 _aLequin, Mathilde
_eauthor
245 0 0 _aLe principe
260 _c2015.
500 _a44
690 _aJérôme Ferrari
690 _aPhysique
690 _aPhysique quantique
786 0 _nPhilosophie magazine | 87 | 3 | 2015-03-01 | p. 73-73 | 1951-1787
856 4 1 _uhttps://shs.cairn.info/magazine-philosophie-magazine-2015-3-page-73?lang=fr&redirect-ssocas=7080
999 _c2052788
_d2052788